000 00719cab a2200241 4500
001 WB3307-17
008 090401t1997 xxu||||| |||| 00| 0 eng d
035 _a(Sirsi) u49496
041 _aeng
245 _aMilton Keynes multiplied
260 _c1997
350 _a0
490 _aIndependent
_v11 February 1997, 18(2)
520 _aProfessor Peter Hall explains why he believes that we need more new towns in order that the UK can meet the need for another 4.4m homes by 2020.
650 _aHOUSEHOLD PROJECTIONS
650 _aNEW SETTLEMENTS
650 _aNEW TOWNS
650 _aPLANNING
650 _aTOWN AND COUNTRY PLANNING ASSOCIATION
690 _aHOUSING
942 _n0
948 _c04/03/1997
999 _c30978
_d30978